Ισημερινές Χώρες - Ξαφνικός Θάνατος - Statistics

General Stats
  • This quiz has been taken 55 times
  • The average score is 3 of 11
Answers on the Grid
Answers color-coded by a green-red scale on the quiz's grid according to % correct below.
Αργεντινή
Αυστραλία
Βιετνάμ
Βολιβία
Βραζιλία
Γκαμπόν
Γουινέα
Δημοκρατία του Κονγκό
Ινδία
Ινδονησία
Ισημερινός
Κένυα
Κίνα
Κολομβία
Λ.Δ. Κονγκό
Μαλάουι
Μεξικό
Νότια Αφρική
Ουγκάντα
Παναμάς
Σάο Τομέ και Πρίνσιπε
Σαμόα
Σομαλία
Υεμένη
 
Answer Stats
Answer % Correct
Βραζιλία
78%
Ισημερινός
39%
Γκαμπόν
30%
Ινδονησία
26%
Σάο Τομέ και Πρίνσιπε
26%
Κολομβία
22%
Λ.Δ. Κονγκό
22%
Δημοκρατία του Κονγκό
17%
Ουγκάντα
17%
Σομαλία
13%
Κένυα
4%
No matching quizzes found
Score Distribution
Percent of People with Each Score
Percentile by Number Answered
Your Score History
You have not taken this quiz